Statistics for Nathan Fillion Filmography

Click here to take the quiz!

General Stats

  • This quiz has been taken 28 times
    (4 since last reset)
  • The average score is 37 of 116

Answer Stats

TypeYearName% Correct
TV Show2002-2003Firefly
75%
TV Show2016-2018Modern Family
75%
Film2013Percy Jackson: Sea of Monsters
75%
TV Show2020Saturday Night Live
75%
Film2005Serenity
75%
Film2006Slither
75%
Film2010Super
75%
Film2021The Suicide Squad
75%
TV Show2007-2008Desperate Housewives
50%
Film2014Guardians of the Galaxy
50%
Film2023Guardians of the Galaxy Vol. 3
50%
Video Game2015Halo 5: Guardians
50%
Film2012Justice League: Doom
50%
Film2013Justice League: The Flashpoint Paradox
50%
Film2015Justice League: Throne of Atlantis
50%
Web Series2023, 2024Monsters at Work
50%
Film2013Monsters University
50%
Film2019Reign of the Supermen
50%
Web Series2017-2018Santa Clarita Diet
50%
Film1998Saving Private Ryan
50%
Film2025Superman: Legacy
50%
Film2018The Death of Superman
50%
TV Show2018-PresentThe Rookie
50%
TV Show1998-2001Two Guys and a Girl
50%
Short Film2018Uncharted: Live Action Fan Film
50%
TV Pilot2003Alligator Point
25%
TV Show2012American Dad!
25%
TV Show2018American Housewife
25%
Web Mini-Series2015Assassin Banana
25%
TV Show2005Best Week Ever with Paul F. Tompkins
25%
Web Series2017-2022Big Mouth
25%
Film1999Blast from the Past
25%
Podcast2021Bridgewater
25%
TV Show2017Brooklyn Nine-Nine
25%
TV Show2003Buffy the Vampire Slayer
25%
Web Series2023Bupkis
25%
Film2017Cars 3
25%
TV Show2009-2016Castle
25%
TV Show2014, 2015Community
25%
Web Series2015-2017Con Man
25%
Video Game2016Con Man: The Game
25%
TV Show2009Dancing with the Stars
25%
Podcast2021Dark Air with Terry Carnation
25%
Video Game2014Destiny
25%
Video Game2017Destiny 2
25%
Video Game2022Destiny 2: The Witch Queen
25%
Video Game2015Destiny: The Taken King
25%
TV Show2014Dinner at Tiffani's
25%
Film2000Dracula 2000
25%
Web Mini-Series2008Dr. Horrible's Sing-Along Blog
25%
TV Show2007Drive
25%
TV Show2015Drunk History
25%
Video Game2014Family Guy: The Quest for Stuff
25%
TV Show2014, 2015, 2016Gravity Falls
25%
Film2011Green Lantern: Emerald Knights
25%
Film2017Guardians of the Galaxy Vol. 2
25%
Video Game2007Halo 3
25%
Video Game2009Halo 3: ODST
25%
Video Game2010Halo: Reach
25%
TV Show2016HarmonQuest
25%
Film2018Henchmen
25%
Documentary2015Highway of Tears
25%
TV Pilot2004Hollywood Division
25%
Web Series2011Husbands
25%
Video Game2005Jade Empire
25%
Web Series2008James Gunn's PG Porn
25%
Film2020Justice League Dark: Apokolips War
25%
TV Show2005, 2006Justice League Unlimited
25%
TV Show2001King of the Hill
25%
TV Show2015Kroll Show
25%
Web Series2018Lemony Snicket's A Series of Unfortunate Events
25%
TV Show2006Lost
25%
TV Show1998Maggie Winters
25%
Web Series2021Marvel's M.O.D.O.K.
25%
TV Show2003Miss Match
25%
Film2012Much Ado About Nothing
25%
Web Series2012Neil's Puppet Dreams
25%
Film2018Night Hunter
25%
Film2018Nomis
25%
TV Show1994-1996, 2007One Life to Live
25%
TV Film1993Ordeal in the Arctic
25%
Film2004Outing Riley
25%
Short Film2013Party Central
25%
TV Show2002Pasadena
25%
TV Show2021-2022Resident Alien
25%
TV Show2017Rick and Morty
25%
TV Show2007-2022Robot Chicken
25%
TV Short2012Robot Chicken: DC Comics Special
25%
TV Short2015Robot Chicken DC Comics Special 3: Magical Friendship
25%
TV Short2014Robot Chicken DC Comics Special II: Villains in Paradise
25%
Video Game2015Saints Row: Get out of Hell
25%
FilmTBASkincare
25%
Video Game2023Spider-Man 2
25%
TV Show1996Spin City
25%
Video Game2020Starfinder
25%
Film1994Strange and Rich
25%
TV Show2013, 2016Talking Dead
25%
TV Show2015The Big Bang Theory
25%
Film2019The Death and Return of Superman
25%
TV Documentary2006The Fringe: Acting Up
25%
Web Series2011The Guild
25%
Web Series2011The Morning After
25%
TV Show1999The Outer Limits
25%
Web Series2022The Recruit
25%
TV Show2022, 2023The Rookie: Feds
25%
TV Show2015The Soup
25%
TV Show2010, 2016, 2018The Venture Bros.
25%
TV Show1997Total Security
25%
Film2008Trucker
25%
Film2007Waitress
25%
Film2003Water's Edge
25%
Film2007White Noise: The Light
25%
TV Show2021Wipeout
25%
Film2009Wonder Woman
25%
Audiobook2013World War Z
25%
Film2017Yamasong: March of the Hollows
25%

Score Distribution

Percentile by Number Answered

Percent of People with Each Score

Your Score History

You have not taken this quiz since the last reset